[Event "Challenge"]
[Site "http://www.queenalice.com/game.php?id=187846"]
[Date "2007.3.26"]
[Round "-"]
[White "papero"]
[Black "knightsdefence"]
[Result "1-0"]
[WhiteElo "1400"]
[BlackElo "1417"]

1. d4 f5 2. c4 a6 3. e3 b5 4. Qf3 c6 5. cxb5 axb5 6. Qxf5 e6 7. Qf3 d5 8. Bd3
Bd7 9. Qh5+ g6 10. Bxg6+ Ke7 11. Bd2 Bg7 12. Qg5+ 1-0

[Event "Challenge"]
[Site "http://www.queenalice.com/game.php?id=187847"]
[Date "2007.3.26"]
[Round "-"]
[White "knightsdefence"]
[Black "papero"]
[Result "0-1"]
[WhiteElo "1404"]
[BlackElo "1801"]

1. f4 d5 2. d4 Nf6 3. e3 Bf5 4. Bd3 e6 5. Bxf5 exf5 6. Nf3 Ne4 7. Nbd2 Bd6 8.
Nxe4 fxe4 9. Ng1 Nc6 10. c3 Ne7 11. h3 Nf5 12. Ne2 c6 13. b3 Qh4+ 14. Kd2 c5 15.
Qe1 Qf6 16. Ng3 cxd4 17. exd4 Nxd4 18. Kd1 Ne6 19. Qe3 Bxf4 20. Qf2 Qxc3 0-1

[Event "Challenge"]
[Site "http://www.queenalice.com/game.php?id=187882"]
[Date "2007.3.26"]
[Round "-"]
[White "Maciej1980"]
[Black "papero"]
[Result "1-0"]
[WhiteElo "1847"]
[BlackElo "1822"]

1. e4 c6 2. d4 d5 3. e5 Bf5 4. Nc3 e6 5. g4 Bg6 6. Nge2 Bb4 7. h4 Be4 8. Rh3 f5
9. g5 f4 10. Bxf4 h6 11. a3 Bxc3+ 12. Nxc3 Bf5 13. Rh1 hxg5 14. Bxg5 Qd7 15. Be2
Ne7 16. Qd2 Na6 17. O-O-O g6 18. h5 O-O-O 19. Bf6 Rhg8 20. h6 Rh8 21. Bxa6 bxa6
22. Na4 Rh7 23. Nc5 Qc7 24. Nxa6 Qb7 25. Nc5 Qc7 26. Rdg1 Re8 27. Rg3 Ng8 28.
Bg5 Be4 29. Rh4 Qb6 30. Rb3 Qc7 31. Rb7 Qxb7 32. Nxb7 Kxb7 33. Rh3 Bf5 34. Rb3+
Ka8 35. Qb4 Rc8 36. a4 Bg4 37. a5 Be2 38. Kd2 Bc4 39. Rh3 Rcc7 40. Qf8+ Kb7 41.
Qxg8 Rhf7 42. Be3 Rh7 43. Qxe6 Rcf7 44. Qxg6 1-0

[Event "Challenge"]
[Site "http://www.queenalice.com/game.php?id=187910"]
[Date "2007.3.26"]
[Round "-"]
[White "blauwmeisje"]
[Black "papero"]
[Result "0-1"]
[WhiteElo "1157"]
[BlackElo "1611"]

1. f4 d5 2. b3 Nf6 3. Nf3 Nc6 4. c3 Bg4 5. Ng5 h6 6. Nxf7 Kxf7 7. Bb2 e5 8. fxe5
Ne4 9. Qc2 Qh4+ 10. g3 Nxg3 11. Rg1 Nxe2+ 12. Kd1 Nxg1+ 13. Be2 Bxe2+ 14. Kc1
Qe1+ 15. Qd1 Qxd1# 0-1

[Event "Challenge"]
[Site "http://www.queenalice.com/game.php?id=187911"]
[Date "2007.3.26"]
[Round "-"]
[White "papero"]
[Black "blauwmeisje"]
[Result "1-0"]
[WhiteElo "1718"]
[BlackElo "1194"]

1. d4 d5 2. c4 dxc4 3. e4 b6 4. Bxc4 Bb7 5. Nc3 Nf6 6. Bb5+ c6 7. Ba4 b5 8. Bb3
b4 9. e5 Ng4 10. Qxg4 bxc3 11. Qf4 cxb2 12. Bxf7+ Kd7 13. e6+ Kc8 14. Bxb2 Qd5
15. Nf3 Ba6 16. Qd2 g6 17. Rc1 Bb5 18. a4 Bxa4 19. O-O h5 20. Ne5 Bh6 21. f4 Bb5
22. Nxg6 Bxf1 23. Nxe7+ Kc7 24. Nxd5+ Kd6 25. Qb4+ Kxd5 26. Qc5+ Ke4 27. Qe5+
Kd3 28. Bg6+ Kd2 29. Qe1# 1-0

[Event "Challenge"]
[Site "http://www.queenalice.com/game.php?id=187928"]
[Date "2007.3.26"]
[Round "-"]
[White "Brandt"]
[Black "papero"]
[Result "1/2-1/2"]
[WhiteElo "1827"]
[BlackElo "1539"]

1. e4 c5 2. Nf3 Nc6 3. d4 cxd4 4. Nxd4 e6 5. Nc3 Nf6 6. Bg5 a6 7. Nxc6 bxc6 8.
Be2 Be7 9. O-O O-O 10. a3 Nxe4 11. Bxe7 Nxc3 12. Bxd8 Nxd1 13. Raxd1 Rxd8 14.
Rd6 Rb8 15. b3 Kf8 16. Rfd1 Ke7 17. R6d4 f6 1/2-1/2

[Event "Challenge"]
[Site "http://www.queenalice.com/game.php?id=187929"]
[Date "2007.3.26"]
[Round "-"]
[White "papero"]
[Black "Brandt"]
[Result "1-0"]
[WhiteElo "1640"]
[BlackElo "1787"]

1. d4 Nf6 2. c4 d6 3. Nc3 g6 4. Nf3 Bg7 5. e4 O-O 6. Be3 Nbd7 7. Qd2 b6 8. Bh6
c5 9. d5 Ng4 10. Bxg7 Kxg7 11. h3 Nge5 12. h4 h5 13. Ng5 Nf6 14. Be2 Nh7 15.
O-O-O Ba6 16. b3 Bc8 17. Rdg1 f6 18. Ne6+ Bxe6 19. dxe6 Qc8 20. Nd5 Re8 21. g4
hxg4 22. Bxg4 Nxg4 23. Rxg4 Qxe6 24. Rhg1 Rf8 25. Rxg6+ Kh8 26. Qh6 Qf7 27. Rg7
1-0

[Event "Let's Play Chess!"]
[Site "http://www.queenalice.com/game.php?id=188353"]
[Date "2007.3.27"]
[Round "-"]
[White "papero"]
[Black "Matman"]
[Result "1-0"]
[WhiteElo "1801"]
[BlackElo "1741"]

1. d4 f5 2. c4 Nf6 3. Nc3 e6 4. Nf3 Bb4 5. Qb3 Nc6 6. a3 Bxc3+ 7. Qxc3 O-O 8.
Qc2 Ne4 9. e3 b6 10. Bd3 Bb7 11. Bxe4 fxe4 12. Qxe4 Na5 13. Qd3 Bxf3 14. gxf3
Rxf3 15. b4 Qh4 16. Rf1 Raf8 17. Ra2 Nc6 18. Rd2 Qxh2 19. Qe2 g5 20. Kd1 g4 21.
Qe1 g3 22. Rh1 gxf2 23. Rxh2 fxe1=Q+ 24. Kxe1 Rf1+ 25. Ke2 Rxc1 26. Rh3 Rff1 27.
Kd3 Rcd1 28. b5 Rxd2+ 29. Kxd2 Ne7 30. e4 Ng6 31. c5 bxc5 32. dxc5 c6 33. a4
cxb5 34. axb5 Rf2+ 35. Kc3 Nf4 36. Rh1 Rf3+ 37. Kc4 Nd3 38. b6 axb6 39. cxb6
Ne5+ 40. Kb5 Rf8 41. b7 Nc6 42. Rc1 h5 43. Kb6 h4 44. Kc7 Rd8 45. Rh1 Kf8 46.
Rxh4 Ke7 47. Rh7+ Ke8 48. Rh8+ Ke7 49. Rxd8 Nxd8 50. b8=Q Nc6 51. Qb3 Kf6 52.
Kxd7 Nd4 53. Qb2 e5 54. Qf2+ 1-0

[Event "Challenge"]
[Site "http://www.queenalice.com/game.php?id=197051"]
[Date "2007.4.15"]
[Round "-"]
[White "papero"]
[Black "rubon"]
[Result "1-0"]
[WhiteElo "1811"]
[BlackElo "1381"]

1. d4 Nf6 2. c4 g6 3. Nc3 Nc6 4. g3 d6 5. Bg2 Bf5 6. e4 Bg4 7. f3 Be6 8. d5 Qd7
9. dxe6 Qxe6 10. Nd5 O-O-O 11. Ne2 a5 12. O-O Ne5 13. Qb3 Nxd5 14. cxd5 Qd7 15.
Nf4 e6 16. Bh3 f5 17. dxe6 Qe7 18. exf5 gxf5 19. Bxf5 Rg8 20. Nd5 Qg7 21. e7+
Nd7 22. exd8=Q+ Kxd8 23. Qxb7 Qd4+ 24. Kg2 Ke8 25. Nxc7+ Kf7 26. Be6+ Kg7 27.
Bxd7 Kg6 28. Ne6 Qe5 29. Bg5 Qe2+ 30. Rf2 Qe5 31. Be8+ Kf5 32. Qxh7+ Kxe6 33.
Qf7# 1-0

[Event "Challenge"]
[Site "http://www.queenalice.com/game.php?id=197322"]
[Date "2007.4.15"]
[Round "-"]
[White "headhunter"]
[Black "papero"]
[Result "1-0"]
[WhiteElo "2002"]
[BlackElo "1825"]

1. e4 c5 2. Nf3 Nc6 3. d4 cxd4 4. Nxd4 Nf6 5. Nc3 e6 6. Ndb5 d6 7. Bf4 e5 8. Bg5
a6 9. Na3 b5 10. Nd5 Be7 11. Bxf6 Bxf6 12. c3 O-O 13. Be2 Bg5 14. Nc2 f5 15. Bf3
Bh4 16. g3 Bf6 17. O-O fxe4 18. Bxe4 Rb8 19. Nxf6+ Rxf6 20. Bxc6 Rg6 21. Ne3 Bb7
22. Bxb7 Rxb7 23. Qd5+ Rf7 24. Rfd1 Qf6 25. Rd2 Qh4 26. Qa8+ Rf8 27. Qxa6 Qh3
28. Rxd6 Rg5 29. Qc6 Rh5 30. Qd5+ Kh8 31. Qg2 Qc8 32. Rad1 Qb8 33. Rd7 b4 34. c4
b3 35. Rb7 Qa8 36. axb3 e4 37. Qxe4 h6 38. Qe7 Rg8 39. Nd5 Rf5 40. Re1 Qa2 41.
Re6 Qb1+ 42. Kg2 Qc1 43. Ne3 Rh5 44. g4 Rh4 45. Qxh4 Qb1 46. Rxh6+ 1-0

[Event "Ciao Challenge"]
[Site "http://www.queenalice.com/game.php?id=200551"]
[Date "2007.4.21"]
[Round "-"]
[White "saraquette"]
[Black "papero"]
[Result "0-1"]
[WhiteElo "1711"]
[BlackElo "1770"]

1. d4 d5 2. Nf3 Nf6 3. h3 Bf5 4. Bf4 e6 5. e3 c6 6. a3 Ne4 7. c4 Qa5+ 8. Nbd2
Nxd2 9. b4 Nxf3+ 10. Qxf3 Bxb4+ 11. Ke2 Be7 12. Qg3 O-O 13. Bh6 Bf6 14. Bxg7
Bxg7 15. h4 dxc4 16. h5 h6 17. f4 c5 0-1

[Event "Challenge"]
[Site "http://www.queenalice.com/game.php?id=202068"]
[Date "2007.4.25"]
[Round "-"]
[White "Ciborg"]
[Black "papero"]
[Result "0-1"]
[WhiteElo "889"]
[BlackElo "1827"]

1. e4 c6 2. d3 d5 3. exd5 cxd5 4. h4 e5 5. Bg5 f6 6. Be3 Nc6 7. Rh3 Bxh3 8. Nxh3
g6 9. Nc3 d4 10. Nb5 dxe3 11. fxe3 Qa5+ 12. Nc3 Bb4 13. Qd2 Nge7 14. a3 Nd5 15.
axb4 Qxa1+ 16. Qd1 Qxd1+ 17. Kxd1 Nxe3+ 18. Ke2 Nxf1 19. Kxf1 Nxb4 0-1

[Event "AUTO-ADV-476"]
[Site "http://www.queenalice.com/game.php?id=203522"]
[Date "2007.4.28"]
[Round "1"]
[White "papero"]
[Black "Guilherme_Ottoni"]
[Result "1/2-1/2"]
[WhiteElo "1827"]
[BlackElo "1797"]

1. d4 Nf6 2. c4 e6 3. Nc3 Bb4 4. Qc2 Nc6 5. Nf3 d6 6. a3 Bxc3+ 7. Qxc3 a5 8. Bg5
h6 9. Bh4 Qe7 10. e3 e5 11. Be2 Bf5 12. O-O O-O 13. Rae1 b6 14. d5 Na7 15. Nd2
Rac8 16. Bxf6 Qxf6 17. e4 Bd7 18. Qg3 Qg6 19. Bd3 c5 20. f4 Qxg3 21. hxg3 f6 22.
Nf3 Rce8 23. f5 Re7 24. Nh4 Be8 25. g4 Rb7 26. Rb1 b5 27. b3 1/2-1/2

[Event "AUTO-ADV-476"]
[Site "http://www.queenalice.com/game.php?id=203523"]
[Date "2007.4.28"]
[Round "1"]
[White "Guilherme_Ottoni"]
[Black "papero"]
[Result "1/2-1/2"]
[WhiteElo "1791"]
[BlackElo "1811"]

1. d4 d5 2. c4 e6 3. Nc3 Nf6 4. Bg5 Be7 5. e3 O-O 6. Nf3 c6 7. Qc2 Nbd7 8. a3
Qa5 9. Bd3 dxc4 10. Bxc4 Re8 11. O-O Qc7 12. Bd3 Bd6 13. e4 e5 14. dxe5 Bxe5 15.
Nxe5 Qxe5 16. Bxf6 Nxf6 17. f3 h6 18. Ne2 Be6 19. f4 Qa5 20. e5 Qb6+ 21. Kh1 Bb3
22. Qc3 Nd5 23. Qd4 Red8 24. Qxb6 axb6 25. Be4 Bc4 26. Bf3 f6 27. Bxd5+ Rxd5 28.
Nc3 Rd4 29. Rf2 Rad8 30. h3 b5 31. Re1 fxe5 32. fxe5 Re8 33. Kh2 Bd5 34. Nxd5
cxd5 35. Rc2 Re4 36. Rce2 R8xe5 37. Rxe4 dxe4 38. Kg3 g5 39. Kf2 Kg7 40. Ke3 Kf6
41. Rf1+ Rf5 42. Rc1 b4 43. axb4 Rb5 44. Rc4 h5 45. Rxe4 Kf5 46. g4+ hxg4 47.
hxg4+ Kf6 1/2-1/2

[Event "AUTO-ADV-476"]
[Site "http://www.queenalice.com/game.php?id=203524"]
[Date "2007.4.28"]
[Round "1"]
[White "papero"]
[Black "Francisco_Ferraz"]
[Result "1-0"]
[WhiteElo "1810"]
[BlackElo "1616"]

1. d4 Nf6 2. c4 c5 3. d5 d6 4. Nc3 g6 5. g3 Bg7 6. Bg2 a6 7. Nf3 O-O 8. O-O Ng4
9. Bd2 e6 10. Qc1 Nd7 11. h3 Nge5 12. Ne4 Nxf3+ 13. Bxf3 Ne5 14. Bh6 Nxf3+ 15.
exf3 exd5 16. Bg5 f6 17. cxd5 fxg5 18. Nxg5 h6 19. Ne6 Bxe6 20. dxe6 Qf6 21. Qc4
Qe7 22. Kg2 b5 23. Qe4 Kh7 24. Rad1 Be5 25. b3 Qg5 26. Rd5 Rae8 27. Rd3 Rf4 28.
Qb7+ Bg7 29. Rxd6 Rd4 30. Rxa6 Qe7 31. Qxb5 Rb4 32. Qa5 Reb8 33. Rd1 R8b5 34.
Qa3 Rb6 35. Rd7 Qxe6 36. Raa7 Qxd7 37. Rxd7 Rb7 38. Rxb7 Rxb7 39. Qxc5 Rd7 40.
a4 Bd4 41. Qc6 Rg7 42. b4 h5 43. b5 Ra7 44. a5 Kh6 45. a6 Re7 46. Qc4 Bb6 47.
Qc6 Bd4 48. Qd6 Re5 49. Qxd4 Rxb5 50. a7 Ra5 51. Qd2+ Kg7 52. Qxa5 1-0

[Event "AUTO-ADV-476"]
[Site "http://www.queenalice.com/game.php?id=203525"]
[Date "2007.4.28"]
[Round "1"]
[White "Francisco_Ferraz"]
[Black "papero"]
[Result "0-1"]
[WhiteElo "1616"]
[BlackElo "1821"]

1. b3 d5 2. Bb2 Nf6 3. Nf3 e6 4. e3 Bd6 5. h3 Nc6 6. Bb5 Bd7 7. Bxc6 Bxc6 8. d3
O-O 9. O-O Nh5 10. Nbd2 f5 11. h4 Be7 12. Ng5 Bxg5 13. Qxh5 Bxh4 14. Nf3 Bf6 15.
Bxf6 Rxf6 16. Ne5 Rh6 17. Nxc6 bxc6 18. Qf3 Qh4 19. Qh3 Qxh3 20. gxh3 Rxh3 21.
Kg2 Rh6 22. Rh1 Rf6 23. f4 g6 24. Rh6 Kg7 25. Rh3 h5 26. Kg3 Kh6 27. Kh4 c5 28.
c4 a5 29. a4 d4 30. exd4 cxd4 31. Rh2 c5 32. Re2 Rb8 33. Rb1 Rb6 34. Re5 Rc6 35.
Rb2 Rf7 36. Rbe2 Rb7 37. Rxe6 Rxe6 38. Rxe6 Rxb3 39. Re5 Rxd3 40. Rxc5 Rd1 41.
Kg3 h4+ 42. Kf3 h3 43. Rc8 Kg7 44. Rc7+ Kf6 45. Rh7 Rc1 46. c5 Rxc5 47. Rxh3
Rc3+ 48. Kg2 Rxh3 49. Kxh3 d3 0-1

[Event "AUTO-ADV-476"]
[Site "http://www.queenalice.com/game.php?id=203526"]
[Date "2007.4.28"]
[Round "1"]
[White "papero"]
[Black "Tonyc"]
[Result "0-1"]
[WhiteElo "1831"]
[BlackElo "1842"]

1. d4 Nf6 2. c4 e6 3. Nc3 h6 4. e4 c6 5. Qc2 d5 6. cxd5 exd5 7. exd5 Nxd5 8. Nf3
Bb4 9. Be2 O-O 10. O-O Bxc3 11. bxc3 Nd7 12. a3 N7f6 13. c4 Ne7 14. Rd1 Bf5 15.
Bd3 Bxd3 16. Rxd3 a6 17. Ne5 Qa5 18. Rg3 Qe1# 0-1

[Event "AUTO-ADV-476"]
[Site "http://www.queenalice.com/game.php?id=203527"]
[Date "2007.4.28"]
[Round "1"]
[White "Tonyc"]
[Black "papero"]
[Result "1/2-1/2"]
[WhiteElo "1815"]
[BlackElo "1806"]

1. e4 c6 2. Nf3 d6 3. Nc3 e5 4. b3 Nf6 5. Bb2 Bg4 6. h3 Bh5 7. Be2 Nbd7 8. O-O
Be7 9. d4 O-O 10. Qd2 Bxf3 11. Bxf3 exd4 12. Qxd4 c5 13. Qd3 Ne5 14. Qe2 a6 15.
Rad1 Re8 16. Nd5 Nxd5 17. Bxe5 Nb4 18. a3 Nc6 19. Bc3 Bf6 20. Bxf6 Qxf6 21. Rfe1
Nd4 22. Qd3 Re5 23. b4 b5 24. c3 Nxf3+ 25. Qxf3 Qg6 26. Rd5 Rae8 27. Rxe5 Rxe5
28. Qg4 f5 29. Qxg6 hxg6 30. f3 g5 31. Kf2 f4 32. Rd1 Re6 33. Rd5 cxb4 34. cxb4
Rg6 35. g4 Kf7 36. Rf5+ Ke6 1/2-1/2

[Event "Challenge"]
[Site "http://www.queenalice.com/game.php?id=215200"]
[Date "2007.5.23"]
[Round "-"]
[White "papero"]
[Black "jose50"]
[Result "0-1"]
[WhiteElo "1806"]
[BlackElo "2007"]

1. d4 f5 2. c4 d6 3. e3 Nf6 4. Nc3 Bd7 5. Nf3 Nc6 6. Bd3 e5 7. dxe5 dxe5 8. O-O
e4 9. Nd5 exd3 10. Qxd3 Be6 11. Rd1 Bd6 12. Qc2 Ne4 13. b3 Bxd5 14. cxd5 Ne7 15.
Bb2 O-O 16. g3 Qe8 17. Nd2 Nf6 18. Nf3 Ne4 19. Nd2 Nf6 20. Re1 Qg6 21. Bxf6 Qxf6
22. Nc4 Bb4 23. Red1 Rad8 24. Rac1 Nxd5 25. a3 Be7 26. b4 c5 27. bxc5 Bxc5 28.
Na5 Bxa3 29. Rb1 Qc3 30. Qa4 Nb6 31. Qb5 Qc2 32. Rxd8 Rxd8 33. Nxb7 Rd7 34. Na5
g6 35. Nc6 Bc5 36. Ne5 Rd1+ 37. Rxd1 Qxd1+ 38. Kg2 Qd5+ 39. Nf3 Nd7 40. Kh3 h6
41. Nh4 g5 42. Nf3 g4+ 43. Kh4 Be7+ 0-1

[Event "Challenge"]
[Site "http://www.queenalice.com/game.php?id=216139"]
[Date "2007.5.25"]
[Round "-"]
[White "Bluto"]
[Black "papero"]
[Result "1-0"]
[WhiteElo "1762"]
[BlackElo "1794"]

1. e4 c6 2. d4 d5 3. exd5 cxd5 4. c4 Nc6 5. Nc3 Nf6 6. Bg5 e6 7. Nf3 Be7 8. c5
O-O 9. Bd3 Ng4 10. Bxe7 Qxe7 11. O-O f5 12. Re1 Rf6 13. Nxd5 Qf7 14. Nxf6+ Qxf6
15. Bc4 Na5 16. Qe2 Nxc4 17. Qxc4 Bd7 18. Rad1 Kh8 19. h3 Rf8 20. d5 exd5 21.
Qxd5 Bc6 22. Qd6 Qf7 23. Ng5 Qf6 24. Qxf6 gxf6 25. Ne6 Rg8 26. hxg4 fxg4 27. Rd8
Rxd8 28. Nxd8 h5 29. Nxc6 bxc6 30. Re7 h4 31. Rxa7 f5 32. Kf1 Kg8 33. a4 f4 34.
a5 f3 35. Rb7 h3 36. gxf3 gxf3 37. Kg1 1-0

[Event "technical papero"]
[Site "http://www.queenalice.com/game.php?id=218435"]
[Date "2007.5.30"]
[Round "-"]
[White "technicaldraw"]
[Black "papero"]
[Result "0-1"]
[WhiteElo "2033"]
[BlackElo "1812"]

1. e4 c5 2. Nf3 Nc6 3. Bb5 d6 4. O-O Bd7 5. Re1 e5 6. c3 Nf6 7. d3 Be7 8. Bxc6
Bxc6 9. c4 b5 10. Nc3 b4 11. Nd5 Nxd5 12. exd5 Bd7 13. b3 O-O 14. Bb2 Bg4 15.
Qd2 Bxf3 16. gxf3 Bg5 17. Qe2 Bf4 18. Qf1 Qh4 19. Qg2 f5 0-1

[Event "Challenge"]
[Site "http://www.queenalice.com/game.php?id=219158"]
[Date "2007.6.1"]
[Round "-"]
[White "Nyvang"]
[Black "papero"]
[Result "0-1"]
[WhiteElo "1697"]
[BlackElo "1798"]

1. g3 d5 2. Bg2 Nf6 3. b3 e5 4. Bb2 Nc6 5. d3 Be7 6. Nc3 Bb4 7. a3 Ba5 8. b4
Nxb4 9. Nf3 d4 10. axb4 Bxb4 11. Qd2 Nd5 12. Qc1 Bxc3+ 13. Bxc3 Nxc3 14. Nxe5
Qe7 15. Qf4 f6 16. Qxd4 Qxe5 17. Qxe5+ fxe5 18. Ra3 Nb5 19. Ra5 Nd6 20. Rxe5+
Kd8 21. O-O a5 22. Ra1 a4 23. c4 c6 24. Ra3 Re8 25. Rxe8+ Kxe8 26. e4 b5 27. e5
Bb7 28. exd6 b4 29. Ra1 a3 30. Re1+ Kf8 31. Re7 Rb8 32. c5 a2 33. Re1 b3 34. Be4
b2 0-1

[Event "Challenge"]
[Site "http://www.queenalice.com/game.php?id=222039"]
[Date "2007.6.7"]
[Round "-"]
[White "waldi"]
[Black "papero"]
[Result "1-0"]
[WhiteElo "1976"]
[BlackElo "1777"]

1. e4 c5 2. Bc4 e6 3. Nc3 Nc6 4. Nf3 g6 5. O-O Bg7 6. Nb5 Bf8 7. d4 d5 8. exd5
exd5 9. Re1+ Nge7 10. Bf1 a6 11. Nc3 Bg7 12. Ne2 c4 13. c3 O-O 14. Bg5 f6 15.
Bh4 Nf5 16. Rc1 b5 17. a3 Qd6 18. Bg3 Nxg3 19. Nxg3 Bg4 20. h3 1-0

[Event "Challenge"]
[Site "http://www.queenalice.com/game.php?id=222928"]
[Date "2007.6.9"]
[Round "-"]
[White "renard77"]
[Black "papero"]
[Result "1-0"]
[WhiteElo "1798"]
[BlackElo "1810"]

1. d4 d5 2. Nc3 Nf6 3. e4 dxe4 4. f3 exf3 5. Nxf3 Bg4 6. Bc4 e6 7. O-O Bd6 8. d5
O-O 9. dxe6 fxe6 10. h3 Bxf3 11. Bxe6+ Kh8 12. Qxf3 Bc5+ 13. Be3 Nfd7 14. Qd5
Bxe3+ 15. Kh1 Nb6 16. Qxb7 N8d7 17. Rxf8+ Nxf8 18. Nd5 1-0